000 00726nam a2200253 a 4500
003 AR-BaBNM
005 20251128203836.0
008 082120s2002 ||||||||||||||000 | spa||
040 _cAR-BaBNM
100 1 _aZaldumbide, Gonzalo
245 0 0 _aCuatro grandes clásicos americanos
260 _aBuenos Aires
_bAcademia Argentina de Letras
_c1947
300 _a286 p.
490 0 _aBiblioteca de la Academia Argentina de Letras. Estudios académicos
_vv. 3
650 4 _aLITERATURA LATINOAMERICANA
650 4 _aINVESTIGACION LITERARIA
650 4 _aBIOGRAFIAS
650 4 _aANALISIS LITERARIO
650 4 _aROMANTICISMO
653 _aPERIODISMO LITERARIO
655 _aLITERATURA
942 _cBK
998 _cisola
999 _c5137
_d5137